2024西北太平洋台风国际名单 Northwest Pacific Typhoon International List - Statistics

General Stats
  • This quiz has been taken 11 times
    10 since last reset
  • The average score is 14 of 25
Answer Stats
名称来源 台风中文名 名称含义 风速(m/s) 等级 % Correct
中国 悟空 《西游记》中的美猴王 18 热带风暴
100%
日本 摩羯 星座 68 超强台风
88%
中国澳门 贝碧嘉 澳门当地人非常喜爱的一种牛奶布丁 45 强台风
88%
韩国 格美 蚂蚁,一种非常细小、高度群居生活的昆虫 58 超强台风
75%
中国香港 珊珊 少女昵称,香港首位奥运金牌得主、滑浪风帆选手李丽珊的昵称 52 超强台风
75%
马来西亚 普拉桑 野红毛丹,其马来语原意为通过扭转剥开的水果 25 强热带风暴
75%
柬埔寨 康妮 高棉传说中的可爱女孩与山名 60 超强台风
63%
密克罗尼西亚联邦 艾云尼 密克罗尼西亚楚克岛传统的风暴之神 38 台风
50%
菲律宾 马力斯 快速 18 热带风暴
50%
泰国 派比安 泰国神话中的雨神 30 强热带风暴
50%
美国 玛莉亚 女士的名字 30 强热带风暴
50%
韩国 飞燕 燕子 25 强热带风暴
50%
泰国 山陀儿 一种形似山竹的热带水果 60 超强台风
50%
越南 潭美 一种属玫瑰科的树木 33 台风
50%
中国 银杏 原产于中国的一种树 62 超强台风
50%
朝鲜 桃芝 朝鲜深山中的一种花 35 台风
50%
中国香港 万宜 海峡名,现为水库 62 超强台风
50%
日本 天兔 星座 58 超强台风
50%
越南 山神 越南传说中不死的山神 18 热带风暴
38%
柬埔寨 安比 罗望子,一种原产于东部非洲的酸豆树 48 强台风
38%
朝鲜 云雀 一种鸣禽 18 热带风暴
38%
密克罗尼西亚联邦 苏力 传说中的波纳佩岛酋长头衔 18 热带风暴
38%
菲律宾 西马仑 当地的一种野牛 18 热带风暴
38%
美国 百里嘉 风浪拍打之下的海岸 18 热带风暴
38%
老挝 丽琵 老挝南部最美丽的瀑布 18 热带风暴
25%
No matching quizzes found
Score Distribution
Percent of People with Each Score
Percentile by Number Answered
Your Score History
You have not taken this quiz since the last reset